[Event "LiSB-ch"]
[Site "Sittard"]
[Date "2003.12.07"]
[Round "7"]
[White "Bischoff, Gerard"]
[Black "Renet, Jacques"]
[Result "0-1"]
[WhiteElo "1976"]
[BlackElo "2212"]
[PlyCount "94"]
[EventDate "2003.11.29"]
[EventType "tourn"]
[EventRounds "7"]
[EventCountry "NED"]
[Source "P.Boonen"]
[SourceDate "2012.01.01"]

1. d4 g6 2. c4 Bg7 3. e4 d6 4. Nc3 f5 5. f3 Nc6 6. Nge2 Nf6 7. Be3 O-O 8. Qd2
fxe4 9. Nxe4 Nxe4 10. fxe4 e5 11. d5 Qh4+ 12. Ng3 Nd4 13. O-O-O a6 14. Re1 b5
15. Kb1 Bd7 16. Rc1 c5 17. Bg5 Qg4 18. Rc3 Rf4 19. Bxf4 exf4 20. h3 Qh4 21. Ne2
Nxe2 22. Bxe2 Bxc3 23. Qxc3 Qf2 24. Bf3 bxc4 25. Qxc4 Bb5 26. Qc3 Bf1 27. Qf6
Rb8 28. Bg4 Qe1+ 29. Kc2 Qxe4+ 30. Kc1 Qe1+ 31. Kc2 Qf2+ 32. Kc1 Qe3+ 33. Kd1
Re8 34. Be6+ Rxe6 35. dxe6 Be2+ 36. Kc2 Bd3+ 37. Kb3 Bb1+ 38. Ka4 Qe4+ 39. Ka5
Qb4+ 40. Kxa6 Bd3+ 41. Ka7 Qa5+ 42. Kb7 Be4+ 43. Kc8 Qa8+ 44. Kc7 Qb7+ 45. Kd8
Qb6+ 46. Kd7 Bc6+ 47. Kc8 Bb7+ 0-1

[Event "LiSB-ch"]
[Site "Sittard"]
[Date "2003.12.07"]
[Round "7"]
[White "Bus, Tom"]
[Black "Coenen, Eduard"]
[Result "1-0"]
[WhiteElo "1979"]
[BlackElo "2069"]
[PlyCount "66"]
[EventDate "2003.11.29"]
[EventType "tourn"]
[EventRounds "7"]
[EventCountry "NED"]
[Source "P.Boonen"]
[SourceDate "2012.01.01"]

1. c4 c6 2. g3 d5 3. Bg2 Nf6 4. Nf3 Bf5 5. cxd5 cxd5 6. Qb3 Qc8 7. Nc3 e6 8. d3
Nc6 9. Bf4 Bb4 10. Rc1 O-O 11. O-O Qd7 12. e4 dxe4 13. dxe4 Nxe4 14. Nxe4 Bxe4
15. Ne5 Qd5 16. Bxe4 Qxe4 17. Nxc6 bxc6 18. Rc4 Qf5 19. Qxb4 e5 20. Be3 Qf3 21.
Qc3 Rfe8 22. Rxc6 f5 23. Rc7 f4 24. Bxa7 Qg4 25. Qc4+ Kh8 26. Qe4 Rad8 27. Re1
h5 28. Rf7 Rd1 29. Rxd1 Qxd1+ 30. Kg2 h4 31. Qg6 f3+ 32. Rxf3 h3+ 33. Kxh3 Qd7+
1-0

[Event "LiSB-ch"]
[Site "Sittard"]
[Date "2003.12.07"]
[Round "7"]
[White "Talsma, Paul A"]
[Black "Hendrikx, Tony"]
[Result "1-0"]
[WhiteElo "2155"]
[BlackElo "1947"]
[PlyCount "43"]
[EventDate "2003.11.29"]
[EventType "tourn"]
[EventRounds "7"]
[EventCountry "NED"]
[Source "P.Boonen"]
[SourceDate "2012.01.01"]

1. g3 g6 2. Bg2 Bg7 3. f4 d5 4. Nf3 c6 5. O-O Nf6 6. d3 O-O 7. Qe1 Qb6+ 8. Kh1
Na6 9. e4 dxe4 10. dxe4 Nb4 11. Na3 a5 12. Be3 Qc7 13. c3 Na6 14. e5 Nd5 15.
Bg1 Bf5 16. Nd4 e6 17. Qe2 h5 18. h3 Nab4 19. cxb4 Nxb4 20. Rad1 Rfd8 21. g4
hxg4 22. hxg4 1-0

[Event "LiSB-ch"]
[Site "Sittard"]
[Date "2003.12.07"]
[Round "7"]
[White "Van Gool, Henk"]
[Black "Simenon, Jozef"]
[Result "1/2-1/2"]
[WhiteElo "2112"]
[BlackElo "1983"]
[PlyCount "107"]
[EventDate "2003.11.29"]
[EventType "tourn"]
[EventRounds "7"]
[EventCountry "NED"]
[Source "P.Boonen"]
[SourceDate "2012.01.01"]

1. e4 c5 2. Nf3 d6 3. d4 cxd4 4. Nxd4 Nf6 5. Nc3 g6 6. Be3 Bg7 7. f3 O-O 8. Qd2
Nc6 9. Bc4 Bd7 10. O-O-O Rc8 11. Bb3 Ne5 12. Kb1 Nc4 13. Bxc4 Rxc4 14. g4 b5
15. g5 Nh5 16. Nde2 Be6 17. Bd4 b4 18. Nd5 Bxd5 19. exd5 Qa5 20. Qe3 Rfc8 21.
Qxe7 Rxc2 22. Rc1 Rxc1+ 23. Rxc1 Rxc1+ 24. Kxc1 Bxd4 25. Nxd4 Qc5+ 26. Nc2 a5
27. Qe8+ Kg7 28. Qe3 Qxd5 29. Qd4+ Qxd4 30. Nxd4 Nf4 31. Nc6 f6 32. Nxa5 fxg5
33. Nc6 Nd5 34. Kd2 Kf6 35. Kd3 Kf5 36. Kd4 Nc7 37. Nxb4 g4 38. fxg4+ Kxg4 39.
Nd5 Ne6+ 40. Ke3 Kf5 41. Kd3 g5 42. b4 Ke5 43. Kc4 h5 44. a4 g4 45. a5 h4 46.
a6 g3 47. hxg3 hxg3 48. a7 g2 49. a8=Q g1=Q 50. Qh8+ Qg7 51. Qh2+ Kf5 52. Ne3+
Kf6 53. Qxd6 Qg1 54. Qd3 1/2-1/2

[Event "LiSB-ch B"]
[Site "Sittard"]
[Date "2003.11.29"]
[Round "1"]
[White "Koelman, Bart"]
[Black "Snoeck, Rene"]
[Result "1/2-1/2"]
[WhiteElo "1723"]
[BlackElo "1795"]
[PlyCount "80"]
[EventDate "2003.11.29"]
[EventType "swiss"]
[EventRounds "7"]
[EventCountry "NED"]
[Source "P.Boonen"]
[SourceDate "2012.01.01"]

1. e4 c6 2. d4 d5 3. exd5 cxd5 4. Nf3 Nc6 5. h3 Bf5 6. Bd3 Bxd3 7. Qxd3 Nf6 8.
c3 e6 9. O-O Be7 10. Re1 a6 11. Nbd2 O-O 12. Nf1 b5 13. a3 Na5 14. Bg5 Nc4 15.
Re2 Qc7 16. Ng3 a5 17. Rae1 b4 18. axb4 axb4 19. Bxf6 Bxf6 20. Nh5 Qe7 21.
Nxf6+ Qxf6 22. b3 Nd6 23. Ne5 Rfc8 24. c4 dxc4 25. bxc4 Ra3 26. Qb1 b3 27. Rb2
Qf4 28. Qd3 f6 29. c5 fxe5 30. cxd6 Qxd4 31. Qxd4 exd4 32. Rxe6 Rd8 33. Kf1 Rd7
34. Re8+ Kf7 35. Rb8 Ke6 36. R8xb3 Rxb3 37. Rxb3 Kxd6 38. Ke2 Kc5 39. Kd3 Rf7
40. Rb2 Ra7 1/2-1/2

[Event "LiSB-ch B"]
[Site "Sittard"]
[Date "2003.11.29"]
[Round "1"]
[White "Lafleur, John"]
[Black "Daemen, Peter"]
[Result "0-1"]
[WhiteElo "1826"]
[BlackElo "1723"]
[PlyCount "66"]
[EventDate "2003.11.29"]
[EventType "swiss"]
[EventRounds "7"]
[EventCountry "NED"]
[Source "P.Boonen"]
[SourceDate "2012.01.01"]

1. d4 Nf6 2. c4 g6 3. Nc3 Bg7 4. e4 d6 5. f3 O-O 6. Bg5 c5 7. d5 a6 8. Qd2 Nbd7
9. Nh3 b5 10. cxb5 Ne5 11. Nf2 Qa5 12. Be2 axb5 13. Nxb5 Qxd2+ 14. Bxd2 Rb8 15.
a4 Ne8 16. Bc3 e6 17. f4 Nd7 18. Bxg7 Kxg7 19. O-O exd5 20. exd5 Ndf6 21. Bc4
Bd7 22. Rad1 Bxb5 23. Bxb5 Nc7 24. Bc6 Rxb2 25. Rfe1 Rfb8 26. Re7 Na6 27. g4
Rc2 28. Rb7 Rxb7 29. Bxb7 Nb4 30. g5 Nh5 31. Ne4 Nxf4 32. Nxd6 Nh3+ 33. Kf1
Rf2+ 0-1

[Event "LiSB-ch B"]
[Site "Sittard"]
[Date "2003.11.29"]
[Round "1"]
[White "Metsemakers, Peter"]
[Black "Van Mulekom, Hans"]
[Result "1-0"]
[WhiteElo "1891"]
[BlackElo "1779"]
[PlyCount "51"]
[EventDate "2003.11.29"]
[EventType "swiss"]
[EventRounds "7"]
[EventCountry "NED"]
[Source "P.Boonen"]
[SourceDate "2012.01.01"]

1. e4 e5 2. Nf3 Nf6 3. Nc3 Bb4 4. Nxe5 Bxc3 5. dxc3 d6 6. Nd3 Nxe4 7. Be2 O-O
8. O-O Nc6 9. Nf4 Ne5 10. Re1 c6 11. Qd4 Bf5 12. g4 c5 13. Qe3 Qg5 14. f3 Nf6
15. Qf2 Nfxg4 16. fxg4 Nxg4 17. Qg3 Rfe8 18. h3 Bxc2 19. Qxg4 Qe5 20. Bd2 c4
21. Bf3 Qc5+ 22. Kh1 Bf5 23. Qg2 Reb8 24. Be3 Qb5 25. Bd4 Bg6 26. h4 1-0

[Event "LiSB-ch B"]
[Site "Sittard"]
[Date "2003.11.29"]
[Round "1"]
[White "Miesen, Fabian"]
[Black "Graff, Marcel"]
[Result "1/2-1/2"]
[WhiteElo "1748"]
[BlackElo "1826"]
[PlyCount "50"]
[EventDate "2003.11.29"]
[EventType "swiss"]
[EventRounds "7"]
[EventCountry "NED"]
[Source "P.Boonen"]
[SourceDate "2012.01.01"]

1. Nc3 e5 2. Nf3 Nc6 3. d4 exd4 4. Nxd4 Bb4 5. Nxc6 dxc6 6. Qxd8+ Kxd8 7. Bd2
Be6 8. O-O-O Ke7 9. e4 a5 10. a3 Bc5 11. f3 b5 12. Ne2 Nf6 13. Nf4 Nd7 14. Nxe6
Kxe6 15. g3 Nb6 16. Bg5 f6 17. Bf4 Bd6 18. Be3 Na4 19. c3 Rhd8 20. Kc2 Bc5 21.
Bxc5 Nxc5 22. Be2 a4 23. Rxd8 Rxd8 24. Rd1 Rxd1 25. Kxd1 Nb3 1/2-1/2

[Event "LiSB-ch B"]
[Site "Sittard"]
[Date "2003.11.29"]
[Round "1"]
[White "Nelissen, Andy"]
[Black "Schotanus, Fred"]
[Result "1-0"]
[WhiteElo "1869"]
[BlackElo "1763"]
[PlyCount "73"]
[EventDate "2003.11.29"]
[EventType "swiss"]
[EventRounds "7"]
[EventCountry "NED"]
[Source "P.Boonen"]
[SourceDate "2012.01.01"]

1. b4 e5 2. Bb2 d6 3. c4 f5 4. e3 Nf6 5. Nc3 Nbd7 6. Qc2 g6 7. Nf3 h6 8. Nh4
Kf7 9. g3 Be7 10. Bg2 c6 11. d3 Nh7 12. Nf3 Ng5 13. b5 Qc7 14. O-O Nxf3+ 15.
Bxf3 Bf6 16. bxc6 bxc6 17. Nb5 Qb6 18. Nxd6+ Kg7 19. Rab1 Qc5 20. Nb5 e4 21.
Ba3 Qe5 22. d4 Qb8 23. Bd6 Qb7 24. Nc7 Nb6 25. Nxa8 Qxa8 26. c5 Nd7 27. Be2 a5
28. Rb2 Ba6 29. Rfb1 Rd8 30. Bc4 g5 31. Qe2 Bxc4 32. Qxc4 f4 33. Rb7 fxe3 34.
fxe3 h5 35. Qe6 Qa6 36. Rxd7+ Rxd7 37. Qxd7+ 1-0

[Event "LiSB-ch B"]
[Site "Sittard"]
[Date "2003.11.29"]
[Round "1"]
[White "Van Haren, Marcel"]
[Black "Van Steenbergen, Bert"]
[Result "1-0"]
[WhiteElo "1775"]
[BlackElo "1868"]
[PlyCount "75"]
[EventDate "2003.11.29"]
[EventType "swiss"]
[EventRounds "7"]
[EventCountry "NED"]
[Source "P.Boonen"]
[SourceDate "2012.01.01"]

1. e4 c5 2. Nf3 d6 3. c3 Nf6 4. Be2 g6 5. O-O Nc6 6. d4 Qc7 7. Re1 Bg7 8. Bb5
O-O 9. Bg5 h6 10. Bh4 a6 11. Bxc6 bxc6 12. e5 Nh5 13. exd6 exd6 14. dxc5 dxc5
15. Be7 Re8 16. Bxc5 Rxe1+ 17. Qxe1 Be6 18. Nd4 Bd5 19. Nd2 Nf4 20. N4f3 Nd3
21. Qe3 Nxb2 22. Rb1 Na4 23. Bd4 c5 24. Bxg7 Kxg7 25. c4 Be6 26. Qb3 Qa5 27.
Ne4 Bf5 28. Nfd2 Re8 29. Nd6 Bxb1 30. Nxe8+ Kf8 31. Nf3 Nc3 32. Qb8 Ne2+ 33.
Kh1 Qxa2 34. Nf6+ Kg7 35. Nd7 Qa1 36. Qf8+ Kh7 37. Qxf7+ Qg7 38. Nf6+ 1-0

[Event "LiSB-ch B"]
[Site "Sittard"]
[Date "2003.11.29"]
[Round "2"]
[White "Daemen, Peter"]
[Black "Nelissen, Andy"]
[Result "0-1"]
[WhiteElo "1723"]
[BlackElo "1869"]
[PlyCount "39"]
[EventDate "2003.11.29"]
[EventType "swiss"]
[EventRounds "7"]
[EventCountry "NED"]
[Source "P.Boonen"]
[SourceDate "2012.01.01"]

1. e4 Nf6 2. e5 Nd5 3. d4 d6 4. c4 Nb6 5. f4 dxe5 6. fxe5 c5 7. d5 e6 8. Nc3
exd5 9. cxd5 c4 10. Be3 Bb4 11. Bxb6 Qxb6 12. Qd2 Bg4 13. Be2 Bxe2 14. Ngxe2
Nd7 15. Qg5 Nc5 16. Rb1 O-O 17. Kd1 Nd3 18. Kc2 Rae8 19. e6 fxe6 20. dxe6 0-1

[Event "LiSB-ch B"]
[Site "Sittard"]
[Date "2003.11.29"]
[Round "2"]
[White "Graff, Marcel"]
[Black "Van Haren, Marcel"]
[Result "0-1"]
[WhiteElo "1826"]
[BlackElo "1775"]
[PlyCount "74"]
[EventDate "2003.11.29"]
[EventType "swiss"]
[EventRounds "7"]
[EventCountry "NED"]
[Source "P.Boonen"]
[SourceDate "2012.01.01"]

1. d4 d5 2. c4 e6 3. Nc3 c5 4. e3 Nf6 5. Nf3 Nc6 6. Bd3 b6 7. O-O Bd6 8. Qa4
Bd7 9. Nb5 Bb8 10. cxd5 exd5 11. dxc5 bxc5 12. Qd1 O-O 13. Nc3 Bg4 14. Be2 a6
15. b3 Qd6 16. g3 Rd8 17. Ba3 h5 18. Na4 Ne4 19. Rc1 Ba7 20. Nd2 Nxd2 21. Qxd2
Ne5 22. Kg2 Qe6 23. Rfd1 Qf5 24. Qc2 Bf3+ 25. Bxf3 Qxf3+ 26. Kg1 h4 27. Bxc5 h3
28. Kf1 Bxc5 29. Nxc5 Ng4 30. Ke1 d4 31. e4 Nxh2 32. Qe2 Qg2 33. Kd2 Nf3+ 34.
Kd3 h2 35. Qf1 h1=Q 36. Qxh1 Qxf2 37. Qh5 g6 0-1

[Event "LiSB-ch B"]
[Site "Sittard"]
[Date "2003.11.29"]
[Round "2"]
[White "Snoeck, Rene"]
[Black "Miesen, Fabian"]
[Result "1-0"]
[WhiteElo "1795"]
[BlackElo "1748"]
[PlyCount "105"]
[EventDate "2003.11.29"]
[EventType "swiss"]
[EventRounds "7"]
[EventCountry "NED"]
[Source "P.Boonen"]
[SourceDate "2012.01.01"]

1. d4 Nf6 2. c4 e6 3. Nc3 d5 4. Bg5 c6 5. e3 Nbd7 6. Nf3 Be7 7. Qc2 O-O 8. cxd5
exd5 9. Bd3 Re8 10. O-O Nf8 11. h3 Be6 12. Rab1 a5 13. a3 Qd7 14. Ne5 Qc8 15.
Na4 Qd8 16. Nc5 Bxc5 17. Qxc5 N6d7 18. Qxf8+ Rxf8 19. Bxd8 Rfxd8 20. Nxd7 Bxd7
21. Rfc1 h6 22. Rc3 Kf8 23. f3 Be8 24. Kf2 Ke7 25. h4 f6 26. Re1 Bf7 27. Rc2
Kd6 28. g3 Re8 29. Rc3 Re7 30. Rec1 Be8 31. R1c2 Rc7 32. b4 axb4 33. axb4 Ra1
34. b5 Rh1 35. Bf1 Bh5 36. Rc1 Rxf1+ 37. Rxf1 cxb5 38. Rfc1 Rc4 39. Ke2 Bf7 40.
Kd2 Kc6 41. e4 Kd6 42. Ke3 b4 43. Rxc4 dxc4 44. Rb1 b3 45. Kd2 b5 46. Kc3 Bh5
47. g4 Be8 48. g5 fxg5 49. hxg5 h5 50. f4 Bc6 51. d5 Bd7 52. Kd4 h4 53. f5 1-0

[Event "LiSB-ch B"]
[Site "Sittard"]
[Date "2003.11.29"]
[Round "2"]
[White "Uckerman, John"]
[Black "Metsemakers, Peter"]
[Result "0-1"]
[WhiteElo "1780"]
[BlackElo "1891"]
[PlyCount "69"]
[EventDate "2003.11.29"]
[EventType "swiss"]
[EventRounds "7"]
[EventCountry "NED"]
[Source "P.Boonen"]
[SourceDate "2012.01.01"]

1. e4 e5 2. Nf3 Nc6 3. Bc4 Bc5 4. c3 Nf6 5. d4 exd4 6. cxd4 Bb4+ 7. Nc3 Nxe4 8.
O-O Bxc3 9. d5 Bf6 10. Re1 Ne7 11. Rxe4 d6 12. Bg5 Bxg5 13. Nxg5 h6 14. Qe2
hxg5 15. Re1 Be6 16. dxe6 f6 17. Re3 c6 18. Rh3 Rxh3 19. gxh3 g6 20. Qf3 Qa5
21. Rd1 Qe5 22. Qa3 d5 23. Bd3 Qxe6 24. Qb4 Qd7 25. Re1 Kf7 26. h4 a5 27. Qd4
gxh4 28. Qxh4 Kg7 29. Qg3 Rh8 30. h4 Kf7 31. h5 Rxh5 32. Rxe7+ Kxe7 33. f4 Qh3
34. Qxh3 Rxh3 35. Kg2 0-1

[Event "LiSB-ch B"]
[Site "Sittard"]
[Date "2003.11.29"]
[Round "2"]
[White "Van Mulekom, Hans"]
[Black "Lafleur, John"]
[Result "1/2-1/2"]
[WhiteElo "1779"]
[BlackElo "1826"]
[PlyCount "24"]
[EventDate "2003.11.29"]
[EventType "swiss"]
[EventRounds "7"]
[EventCountry "NED"]
[Source "P.Boonen"]
[SourceDate "2012.01.01"]

1. e4 e5 2. Nc3 Nc6 3. Bc4 Bc5 4. Qg4 g6 5. Qf3 f6 6. d3 Nd4 7. Qd1 c6 8. Nge2
b5 9. Bxg8 Rxg8 10. Nxd4 Bxd4 11. Be3 Qa5 12. Qd2 b4 1/2-1/2

[Event "LiSB-ch B"]
[Site "Sittard"]
[Date "2003.11.29"]
[Round "2"]
[White "Van Steenbergen, Bert"]
[Black "Koelman, Bart"]
[Result "1-0"]
[WhiteElo "1868"]
[BlackElo "1723"]
[PlyCount "80"]
[EventDate "2003.11.29"]
[EventType "swiss"]
[EventRounds "7"]
[EventCountry "NED"]
[Source "P.Boonen"]
[SourceDate "2012.01.01"]

1. d4 d5 2. Nf3 Nf6 3. g3 e6 4. Bg2 Nbd7 5. O-O Bd6 6. b3 O-O 7. c4 c5 8. cxd5
Nxd5 9. e4 Ne7 10. e5 Bc7 11. dxc5 Nxe5 12. Qc2 Qd3 13. Qxd3 Nxd3 14. Ba3 Nc6
15. Nc3 a6 16. Rad1 Ndb4 17. Bb2 Ne7 18. a3 Nbc6 19. b4 b5 20. cxb6 Bxb6 21.
Ne5 Bb7 22. Nd7 Bc7 23. Nxf8 Kxf8 24. Rd7 Rc8 25. Na4 Ke8 26. Nc5 Ba8 27. Rfd1
Bb6 28. R7d2 e5 29. Nxa6 f6 30. Rc1 Rd8 31. Rxd8+ Kxd8 32. b5 Bb7 33. a4 Bxa6
34. bxa6 Nb4 35. Ba3 Nbd5 36. Bxd5 Nxd5 37. Rd1 Bd4 38. Bc5 Nc7 39. Bxd4 exd4
40. Rxd4+ Kc8 1-0

[Event "LiSB-ch B"]
[Site "Sittard"]
[Date "2003.11.30"]
[Round "3"]
[White "Daemen, Peter"]
[Black "Uckerman, John"]
[Result "0-1"]
[WhiteElo "1723"]
[BlackElo "1780"]
[PlyCount "24"]
[EventDate "2003.11.29"]
[EventType "swiss"]
[EventRounds "7"]
[EventCountry "NED"]
[Source "P.Boonen"]
[SourceDate "2012.01.01"]

1. e4 e5 2. Nf3 Nf6 3. d4 Nxe4 4. Bd3 d5 5. Nxe5 Nd7 6. Nxf7 Qe7 7. Ne5 Nxe5 8.
dxe5 Qxe5 9. O-O Bd6 10. g3 O-O 11. Kg2 Rxf2+ 12. Rxf2 Bh3+ 0-1

[Event "LiSB-ch B"]
[Site "Sittard"]
[Date "2003.11.30"]
[Round "3"]
[White "Graff, Marcel"]
[Black "Lafleur, John"]
[Result "1/2-1/2"]
[WhiteElo "1826"]
[BlackElo "1826"]
[PlyCount "115"]
[EventDate "2003.11.29"]
[EventType "swiss"]
[EventRounds "7"]
[EventCountry "NED"]
[Source "P.Boonen"]
[SourceDate "2012.01.01"]

1. c4 g6 2. Nc3 Bg7 3. g3 Nf6 4. Bg2 O-O 5. d4 c6 6. e3 d6 7. Nge2 Nbd7 8. O-O
e5 9. b3 Nh5 10. Ba3 Qc7 11. dxe5 Bxe5 12. f4 Bxc3 13. Nxc3 Nc5 14. Bxc5 dxc5
15. e4 Qd7 16. Qxd7 Bxd7 17. Rad1 Bg4 18. Bf3 Nf6 19. e5 Bxf3 20. Rxf3 Nh5 21.
Ne4 b6 22. Rd7 Ng7 23. Nf6+ Kh8 24. Rc7 Ne6 25. Rd7 Kg7 26. g4 Nd4 27. Rh3 h6
28. g5 h5 29. Re3 Rfd8 30. Rb7 Ne6 31. Nd7 Nxf4 32. e6 Nxe6 33. Rxe6 fxe6 34.
Nxb6+ Kf8 35. Nxa8 Rxa8 36. Kf2 a5 37. Ke3 a4 38. Ke4 axb3 39. axb3 Ra2 40. Ke5
Re2+ 41. Kf6 Rf2+ 42. Kxe6 Rf5 43. h4 Rf4 44. Rc7 Rxh4 45. Kf6 Rf4+ 46. Kxg6 h4
47. Rh7 Kg8 48. Rc7 h3 49. Rg7+ Kf8 50. Rh7 Rf3 51. Rh8+ Ke7 52. Rh4 Rxb3 53.
Kh7 Rg3 54. g6 Kf6 55. Rh6 Ke7 56. Kg7 Rf3 57. Rh4 Re3 58. Rh5 1/2-1/2

[Event "LiSB-ch B"]
[Site "Sittard"]
[Date "2003.11.30"]
[Round "3"]
[White "Koelman, Bart"]
[Black "Van Mulekom, Hans"]
[Result "0-1"]
[WhiteElo "1723"]
[BlackElo "1779"]
[PlyCount "78"]
[EventDate "2003.11.29"]
[EventType "swiss"]
[EventRounds "7"]
[EventCountry "NED"]
[Source "P.Boonen"]
[SourceDate "2012.01.01"]

1. e4 e5 2. Nf3 Nf6 3. d3 Nc6 4. Nc3 Bb4 5. Bd2 O-O 6. Be2 d6 7. O-O Be6 8. a3
Ba5 9. Ng5 Bd7 10. f4 h6 11. Nh3 Qc8 12. Nf2 Nd4 13. f5 c6 14. Ng4 Qd8 15. Kh1
Nxg4 16. Bxg4 f6 17. b4 Bb6 18. Ne2 Nxe2 19. Qxe2 Be8 20. Bh5 d5 21. Rad1 a5
22. Qg4 Bxh5 23. Qxh5 axb4 24. Bxb4 c5 25. Bd2 Qe8 26. Qxe8 Rfxe8 27. Ra1 dxe4
28. dxe4 Red8 29. Bc3 Ra4 30. Rfe1 Kf7 31. g4 Ba5 32. Bxa5 Rxa5 33. c4 Rd4 34.
Rab1 Ra7 35. Red1 Ke7 36. Rxd4 cxd4 37. Kg2 Kd6 38. Kf2 Kc6 39. Ra1 Ra4 0-1

[Event "LiSB-ch B"]
[Site "Sittard"]
[Date "2003.11.30"]
[Round "3"]
[White "Metsemakers, Peter"]
[Black "Van Haren, Marcel"]
[Result "1/2-1/2"]
[WhiteElo "1891"]
[BlackElo "1775"]
[PlyCount "62"]
[EventDate "2003.11.29"]
[EventType "swiss"]
[EventRounds "7"]
[EventCountry "NED"]
[Source "P.Boonen"]
[SourceDate "2012.01.01"]

1. e4 e5 2. Nf3 Nc6 3. Bb5 Bc5 4. O-O Nd4 5. Ba4 Nxf3+ 6. Qxf3 Qf6 7. Qe2 Ne7
8. Nc3 O-O 9. d3 c6 10. Bb3 Ng6 11. Be3 Bb6 12. Bxb6 axb6 13. a4 d6 14. Qe3 Nf4
15. Ne2 Bg4 16. f3 Bh3 17. Nxf4 Qg5 18. Rf2 exf4 19. Qd2 Ra5 20. Kh1 Be6 21.
Bxe6 fxe6 22. b4 Ra6 23. c3 b5 24. Qd1 Rfa8 25. a5 b6 26. Rfa2 Qd8 27. Qb3 Kf7
28. axb6 Qxb6 29. d4 Rxa2 30. Rxa2 Rxa2 31. Qxa2 c5 1/2-1/2

[Event "LiSB-ch B"]
[Site "Sittard"]
[Date "2003.11.30"]
[Round "3"]
[White "Nelissen, Andy"]
[Black "Snoeck, Rene"]
[Result "1/2-1/2"]
[WhiteElo "1869"]
[BlackElo "1795"]
[PlyCount "52"]
[EventDate "2003.11.29"]
[EventType "swiss"]
[EventRounds "7"]
[EventCountry "NED"]
[Source "P.Boonen"]
[SourceDate "2012.01.01"]

1. e4 c6 2. d4 d5 3. exd5 cxd5 4. Bd3 Nf6 5. c3 Nc6 6. Bf4 Bg4 7. Nf3 e6 8. O-O
Be7 9. Nbd2 O-O 10. Qa4 Qa5 11. Qxa5 Nxa5 12. Ne5 Bh5 13. b4 Nc6 14. Nxc6 bxc6
15. Nb3 Rfd8 16. a4 Bg6 17. Bxg6 hxg6 18. Bg5 a6 19. f4 Kf8 20. Bxf6 gxf6 21.
Rf2 e5 22. g3 Rdb8 23. h4 Bd6 24. Re1 Ke7 25. Rfe2 Kd7 26. a5 Rh8 1/2-1/2

[Event "LiSB-ch B"]
[Site "Sittard"]
[Date "2003.11.30"]
[Round "3"]
[White "Schotanus, Fred"]
[Black "Van Steenbergen, Bert"]
[Result "1-0"]
[WhiteElo "1763"]
[BlackElo "1868"]
[PlyCount "78"]
[EventDate "2003.11.29"]
[EventType "swiss"]
[EventRounds "7"]
[EventCountry "NED"]
[Source "P.Boonen"]
[SourceDate "2012.01.01"]

1. e4 c5 2. Nf3 d6 3. b3 Nf6 4. d3 g6 5. Bb2 e5 6. Be2 h5 7. h3 Bh6 8. Nc3 Nc6
9. O-O Be6 10. Bc1 Ke7 11. Bg5 Nd4 12. Qd2 Bg7 13. Nd5+ Kd7 14. c4 Bxd5 15.
exd5 Nf5 16. Nh2 Qb6 17. Rae1 a5 18. Bd1 Qb4 19. Qc1 Rhe8 20. Nf3 Nh7 21. Bd2
Qb6 22. g4 hxg4 23. hxg4 Ne7 24. Kg2 f6 25. Rh1 Rh8 26. Bh6 Rag8 27. Bxg7 Rxg7
28. Rh2 Rhg8 29. Reh1 Nf8 30. Ng1 g5 31. Qe3 Neg6 32. Rh6 Nh4+ 33. Kg3 Nfg6 34.
Nf3 Qd8 35. Qe4 f5 36. gxf5 Ne7 37. f6 Nef5+ 38. Kh2 Nxh6 39. fxg7 Rxg7 {Time}
1-0

[Event "LiSB-ch B"]
[Site "Sittard"]
[Date "2003.11.30"]
[Round "4"]
[White "Graff, Marcel"]
[Black "Daemen, Peter"]
[Result "1-0"]
[WhiteElo "1826"]
[BlackElo "1723"]
[PlyCount "127"]
[EventDate "2003.11.29"]
[EventType "swiss"]
[EventRounds "7"]
[EventCountry "NED"]
[Source "P.Boonen"]
[SourceDate "2012.01.01"]

1. g3 c5 2. Bg2 Nc6 3. d3 g6 4. e4 Bg7 5. c3 e6 6. Be3 d6 7. f4 Nge7 8. Nf3 b6
9. O-O d5 10. e5 Rb8 11. Na3 a6 12. Nc2 O-O 13. Rc1 Nf5 14. Bf2 h5 15. Ne3 Nxe3
16. Bxe3 d4 17. Bf2 Bb7 18. Qc2 Rc8 19. Nd2 f6 20. exf6 Bxf6 21. Ne4 Be7 22.
Bh3 Qd5 23. c4 Qd7 24. Qe2 Kg7 25. Nd2 Rce8 26. Nf3 Bf6 27. Rce1 Nd8 28. Ne5
Bxe5 29. Qxe5+ Rf6 30. Bg2 Nf7 31. Qe2 e5 32. Bxb7 Qxb7 33. Qc2 Rfe6 34. Qd1
exf4 35. gxf4 Nh6 36. Rxe6 Rxe6 37. Re1 Qe7 38. Rxe6 Qxe6 39. Qf3 Nf5 40. Kg2
Ne3+ 41. Bxe3 dxe3 42. Kf1 Kh6 43. Ke2 Qf6 44. Qxe3 Qxb2+ 45. Qd2 Qxd2+ 46.
Kxd2 Kg7 47. Ke3 Kf6 48. Ke4 Ke6 49. a4 a5 50. d4 cxd4 51. Kxd4 Kd6 52. h4 Kc6
53. Ke5 Kc5 54. Kf6 Kxc4 55. Kxg6 b5 56. axb5 Kxb5 57. f5 a4 58. f6 a3 59. f7
a2 60. f8=Q a1=Q 61. Qf5+ Kc4 62. Qe6+ Kc5 63. Qe7+ Kc4 64. Kxh5 1-0

[Event "LiSB-ch B"]
[Site "Sittard"]
[Date "2003.11.30"]
[Round "4"]
[White "Nelissen, Andy"]
[Black "Van Haren, Marcel"]
[Result "1/2-1/2"]
[WhiteElo "1869"]
[BlackElo "1775"]
[PlyCount "21"]
[EventDate "2003.11.29"]
[EventType "swiss"]
[EventRounds "7"]
[EventCountry "NED"]
[Source "P.Boonen"]
[SourceDate "2012.01.01"]

1. e4 Nf6 2. Nc3 d5 3. exd5 Nxd5 4. Bc4 Nb6 5. Bb3 Nc6 6. Nf3 e5 7. Qe2 Bg4 8.
d4 f6 9. dxe5 Nxe5 10. Qe4 Bxf3 11. gxf3 1/2-1/2

[Event "LiSB-ch B"]
[Site "Sittard"]
[Date "2003.11.30"]
[Round "4"]
[White "Snoeck, Rene"]
[Black "Metsemakers, Peter"]
[Result "1/2-1/2"]
[WhiteElo "1795"]
[BlackElo "1891"]
[PlyCount "56"]
[EventDate "2003.11.29"]
[EventType "swiss"]
[EventRounds "7"]
[EventCountry "NED"]
[Source "P.Boonen"]
[SourceDate "2012.01.01"]

1. d4 Nf6 2. c4 e6 3. Nf3 d5 4. Nc3 Be7 5. Bf4 O-O 6. e3 c5 7. Be2 Nc6 8. O-O
a6 9. cxd5 Nxd5 10. Nxd5 exd5 11. dxc5 Bxc5 12. Rc1 Ba7 13. Ne5 Nxe5 14. Bxe5
Be6 15. Bf3 Qa5 16. a3 Rac8 17. Qd3 Rc4 18. b4 Qb5 19. Qd2 Qa4 20. Bd1 Qxa3 21.
Ra1 Qxb4 22. Qxb4 Rxb4 23. Bd6 Rb2 24. Bxf8 Kxf8 25. Bf3 d4 26. exd4 Bxd4 27.
Rab1 b6 28. Rxb2 Bxb2 1/2-1/2

[Event "LiSB-ch B"]
[Site "Sittard"]
[Date "2003.11.30"]
[Round "4"]
[White "Uckerman, John"]
[Black "Schotanus, Fred"]
[Result "1/2-1/2"]
[WhiteElo "1780"]
[BlackElo "1763"]
[PlyCount "41"]
[EventDate "2003.11.29"]
[EventType "swiss"]
[EventRounds "7"]
[EventCountry "NED"]
[Source "P.Boonen"]
[SourceDate "2012.01.01"]

1. e4 c5 2. Nc3 Nc6 3. g3 g6 4. Bg2 Bg7 5. d3 d6 6. Be3 Nf6 7. Nge2 Ng4 8. Bd2
O-O 9. h3 Nf6 10. O-O e5 11. Be3 Ne8 12. f4 f5 13. exf5 Bxf5 14. Qd2 Qd7 15.
Kh2 exf4 16. Bxf4 Nf6 17. g4 Be6 18. Ng3 Nd4 19. Nce4 Nxe4 20. Nxe4 Be5 21. Bg3
1/2-1/2

[Event "LiSB-ch B"]
[Site "Sittard"]
[Date "2003.11.30"]
[Round "4"]
[White "Van Mulekom, Hans"]
[Black "Miesen, Fabian"]
[Result "1/2-1/2"]
[WhiteElo "1779"]
[BlackElo "1748"]
[PlyCount "50"]
[EventDate "2003.11.29"]
[EventType "swiss"]
[EventRounds "7"]
[EventCountry "NED"]
[Source "P.Boonen"]
[SourceDate "2012.01.01"]

1. e4 Nc6 2. Nc3 e5 3. Bc4 Nf6 4. d3 d6 5. Nge2 Be7 6. O-O O-O 7. f4 exf4 8.
Bxf4 Ne5 9. Bb3 Ng6 10. Bg3 Ng4 11. Qe1 Bh4 12. h3 Bxg3 13. Nxg3 N4e5 14. Nf5
Be6 15. Nd5 Bxd5 16. Bxd5 c6 17. Bb3 Ne7 18. Qe3 Nxf5 19. Rxf5 g6 20. Rf4 Kg7
21. Raf1 f6 22. Qf2 Qe7 23. Qd4 Qc7 24. Qf2 Qe7 25. Qd4 Qc7 1/2-1/2